00490nam a2200133Ia 4500008004100000100002100041245010100062245004000163260005300203260001600256300000800272650001500280856006100295170221s9999 xx 000 0 und d aYusuf Isma’ila aChallenges of Electoral Malpractices on Democratic Consolidation in Nigeria’s Fourth Republic  cYusuf Isma’ila, Zaheruddin Othman bInternational Review of Management and Marketing cAugust 2015 a4:3 xMarketing. uhttp://www.econjournals.com/index.php/irmm/issue/view/97